00532nam a22001577a 4500003000400000008004100004020001800045082001700063100002000080245008900100260006300189300001100252650006400263700002000327700002700347OSt260624b |||||||| |||| 00| 0 eng d a9789348596628 a632.32bS61P aSingh, Dinesh  aPlant Bacteriology Refresher/ by Dinesh Singh, Shivam Kumar and Shenaz Sultana Ahmed aDelhi : bToday & Tomorrow Printers and Publishers,c2026. a348 p. aPure Sciences | Biology | Bacteriology | Plant Bacteriology aKumar, Shivam  aAhmed, Shenaz Sultana